[Event "USA-ch"]
[Site "Durango CO, USA"]
[Date "1992.??.??"]
[Round "1"]
[White "Ivanov, Alexander"]
[Black "Sherzer, Alex"]
[Result "0-1"]
[WhiteElo "2545"]
[BlackElo "2460"]
[EventDate "1992.12.??"]
[PlyCount "77"]

1.e4 e5 2.Nf3 Nc6 3.Bb5 Nf6 4.O-O Nxe4 5.d4 Nd6 6.Bxc6 dxc6 7.dxe5 Nf5 8.
Qxd8+ Kxd8 9.Rd1+ Ke8 10.Nc3 Be6 11.h3 Bb4 12.Bd2 a5 13.a3 Bxc3 14.Bxc3 c5
15.g4 Ne7 16.Kg2 h5 17.Kg3 Ra6 18.Bd2 Bc8 19.Nh4 Re6 20.Re1 Nc6 21.Be3 b6 
22.f4 hxg4 23.hxg4 Reh6 24.Rh1 R6h7 25.Rh2 Ne7 26.Rd1 f5 27.exf6 gxf6 28.
Nf3 Bxg4 29.Rxh7 Nf5+ 30.Kxg4 Nxe3+ 31.Kg3 Rxh7 32.Re1 Re7 33.Rc1 Nc4 34.
Nh4 Nxb2 35.Nf5 Re2 36.Kf3 Rd2 37.Ne3 Rd4 38.Rh1 Ra4 39.Rh8+ 0-1

[Event "USA-ch"]
[Site "Durango CO, USA"]
[Date "1992.??.??"]
[Round "1"]
[White "Ivanov, Igor"]
[Black "Yermolinsky, Alexander"]
[Result "1/2-1/2"]
[WhiteElo "2510"]
[BlackElo "2615"]
[EventDate "1992.12.??"]
[PlyCount "26"]

1.d4 Nf6 2.c4 g6 3.Nc3 d5 4.cxd5 Nxd5 5.e4 Nxc3 6.bxc3 Bg7 7.Bc4 c5 8.Ne2 
Nc6 9.d5 Na5 10.Rb1 O-O 11.Bd3 e6 12.c4 b6 13.Bd2 Nc6 1/2-1/2

[Event "USA-ch"]
[Site "Durango CO, USA"]
[Date "1992.??.??"]
[Round "1"]
[White "Seirawan, Yasser"]
[Black "Gulko, Boris"]
[Result "1/2-1/2"]
[WhiteElo "2605"]
[BlackElo "2610"]
[EventDate "1992.12.??"]
[PlyCount "36"]

1.d4 Nf6 2.c4 g6 3.Nc3 d5 4.cxd5 Nxd5 5.e4 Nxc3 6.bxc3 Bg7 7.Be3 c5 8.Qd2 
Qa5 9.Nf3 Nc6 10.Rb1 a6 11.Rc1 cxd4 12.cxd4 Qxd2+ 13.Kxd2 f5 14.e5 Be6 15.
Bc4 Bxc4 16.Rxc4 O-O 17.g3 h6 18.Ne1 Rfd8 1/2-1/2

[Event "USA-ch"]
[Site "Durango CO, USA"]
[Date "1992.??.??"]
[Round "1"]
[White "Wolff, Patrick"]
[Black "Fedorowicz, John"]
[Result "1/2-1/2"]
[WhiteElo "2590"]
[BlackElo "2560"]
[EventDate "1992.12.??"]
[PlyCount "71"]

1.e4 c5 2.Nf3 d6 3.d4 cxd4 4.Nxd4 Nf6 5.Nc3 g6 6.Be3 Bg7 7.f3 O-O 8.Qd2 
Nc6 9.g4 e6 10.Rg1 d5 11.g5 Ne8 12.exd5 exd5 13.O-O-O Nc7 14.f4 Re8 15.Rg3
Ne6 16.Nce2 Ncxd4 17.Nxd4 Nc5 18.Bg2 Ne4 19.Bxe4 Rxe4 20.Nb3 Qe8 21.Bd4 
Bf5 22.Bxg7 Re2 23.Be5 Rxd2 24.Rxd2 Qa4 25.Rxd5 Qc6 26.Rd2 Qh1+ 27.Rd1 
Qxh2 28.Rc3 Bg4 29.Re1 Rd8 30.Rce3 Qf2 31.Nd4 Re8 32.Re4 a6 33.b3 Qg2 34.
R4e3 Qf2 35.Re4 Qg2 36.R4e3 1/2-1/2

[Event "USA-ch"]
[Site "Durango CO, USA"]
[Date "1992.??.??"]
[Round "2"]
[White "Benjamin, Joel"]
[Black "Seirawan, Yasser"]
[Result "1/2-1/2"]
[WhiteElo "2570"]
[BlackElo "2605"]
[EventDate "1992.12.??"]
[PlyCount "111"]

1.e4 c6 2.d4 d5 3.Nc3 dxe4 4.Nxe4 Bf5 5.Ng3 Bg6 6.h4 h6 7.Nf3 Nd7 8.h5 Bh7
9.Bd3 Bxd3 10.Qxd3 Ngf6 11.Bf4 Qa5+ 12.Bd2 Qc7 13.O-O-O e6 14.Qe2 c5 15.
Rhe1 Bd6 16.dxc5 Bxg3 17.fxg3 Qxg3 18.Be3 O-O 19.Rd4 Rfc8 20.Bf4 Qg4 21.
Bxh6 Qxh5 22.Bg5 Rxc5 23.Rh4 Rxg5 24.Reh1 Qxh4 25.Rxh4 Rc5 26.g4 Re8 27.c3
Nf8 28.g5 N6h7 29.Ne5 Nxg5 30.Qh5 Nfh7 31.Nxf7 Nf6 32.Qxg5 Rxg5 33.Nxg5 e5
34.Ra4 a6 35.Rb4 b5 36.a4 Rc8 37.axb5 axb5 38.Ne6 Rc6 39.Ng5 Rc5 40.Ne6 
Rc6 41.Ng5 Rb6 42.c4 Nd7 43.Rxb5 Rxb5 44.cxb5 Kf8 45.Kd2 Ke7 46.Ke3 Kf6 
47.Ne4+ Ke6 48.Nc3 g5 49.Ne4 g4 50.b3 Nb6 51.Ng3 Nd5+ 52.Kd3 Nf6 53.Kc4 
Nd7 54.b4 Kd6 55.Ne4+ Ke6 56.Ng3 1/2-1/2

[Event "USA-ch"]
[Site "Durango CO, USA"]
[Date "1992.??.??"]
[Round "2"]
[White "Gulko, Boris"]
[Black "Ivanov, Alexander"]
[Result "1/2-1/2"]
[WhiteElo "2610"]
[BlackElo "2545"]
[EventDate "1992.12.??"]
[PlyCount "101"]

1.d4 Nf6 2.c4 e6 3.Nc3 Bb4 4.e3 O-O 5.Bd3 d5 6.a3 Bxc3+ 7.bxc3 dxc4 8.Bxc4
c5 9.Nf3 Qc7 10.Ba2 Nc6 11.O-O e5 12.h3 Bf5 13.Nh4 Bd7 14.d5 Na5 15.c4 Ne4
16.Bb2 Rae8 17.Qc2 Nd6 18.e4 f6 19.Nf3 Re7 20.Rfe1 g5 21.Nh2 Rff7 22.Qe2 
Qd8 23.Rac1 b6 24.Bc3 Rg7 25.Bxa5 bxa5 26.Bb3 Be8 27.Ng4 Rb7 28.Qe3 h5 29.
Nh6+ Kh7 30.Nf5 Nxf5 31.exf5 Qd7 32.Qc3 Qd6 33.Rb1 a4 34.Bc2 Rb6 35.Rxb6 
axb6 36.Rb1 Kg8 37.Qb2 Rb7 38.Qc1 Kg7 39.g3 Rb8 40.Qd1 Ra8 41.Be4 Ra7 42.
Kh1 Rb7 43.h4 gxh4 44.gxh4 Kh6 45.Qd2+ Kh7 46.Qe2 Rg7 47.Rg1 Rxg1+ 48.Kxg1
Kg7 49.Bc2 Kf8 50.Be4 Ke7 51.Kf1 1/2-1/2

[Event "USA-ch"]
[Site "Durango CO, USA"]
[Date "1992.??.??"]
[Round "2"]
[White "Gurevich, Dmitry"]
[Black "Ivanov, Igor"]
[Result "1/2-1/2"]
[WhiteElo "2490"]
[BlackElo "2510"]
[EventDate "1992.12.??"]
[PlyCount "53"]

1.d4 Nf6 2.c4 e6 3.g3 d5 4.Bg2 dxc4 5.Nf3 Nc6 6.O-O Rb8 7.Bg5 Be7 8.e3 O-O
9.Qe2 b5 10.a4 a6 11.axb5 axb5 12.b3 cxb3 13.Nfd2 Bb7 14.Nxb3 e5 15.Rc1 
Nd5 16.Bxe7 Ndxe7 17.Nc5 Bc8 18.dxe5 Nxe5 19.Rd1 Qe8 20.h3 c6 21.Nc3 b4 
22.N3a4 Nd5 23.e4 Nb6 24.Nxb6 Rxb6 25.Qe3 Rb8 26.Kh2 Qe7 27.f4 1/2-1/2

[Event "USA-ch"]
[Site "Durango CO, USA"]
[Date "1992.??.??"]
[Round "2"]
[White "Sherzer, Alex"]
[Black "Wolff, Patrick"]
[Result "1/2-1/2"]
[WhiteElo "2460"]
[BlackElo "2590"]
[EventDate "1992.12.??"]
[PlyCount "56"]

1.e4 c5 2.Nf3 d6 3.d4 cxd4 4.Nxd4 Nf6 5.Nc3 Nc6 6.Bg5 e6 7.Qd2 Be7 8.O-O-O
O-O 9.f4 Nxd4 10.Qxd4 Qa5 11.Bc4 Bd7 12.e5 dxe5 13.fxe5 Bc6 14.Bd2 Nd7 15.
Nd5 Qc5 16.Nxe7+ Qxe7 17.Rhe1 Nb6 18.Bb3 Rfc8 19.Qg4 Bd5 20.Kb1 a5 21.Bg5 
Qf8 22.Re3 a4 23.Bxd5 Nxd5 24.Rh3 Qc5 25.c3 a3 26.Qh4 h6 27.Bxh6 Qb5 28.
Bc1 Nxc3+ 1/2-1/2

[Event "USA-ch"]
[Site "Durango CO, USA"]
[Date "1992.??.??"]
[Round "2"]
[White "Yermolinsky, Alexander"]
[Black "Rachels, Stuart"]
[Result "1/2-1/2"]
[WhiteElo "2615"]
[BlackElo "2485"]
[EventDate "1992.12.??"]
[PlyCount "55"]

1.d4 d5 2.c4 dxc4 3.e3 Nf6 4.Bxc4 e6 5.Nf3 c5 6.O-O a6 7.Bb3 Nc6 8.Qe2 
cxd4 9.Rd1 d3 10.Rxd3 Qc7 11.e4 Bc5 12.h3 Nd7 13.Be3 b6 14.Nbd2 O-O 15.Rc3
Bb7 16.Rac1 Rac8 17.Ba4 Qb8 18.Bxc5 Nxc5 19.Bxc6 Bxc6 20.Qe3 Bb7 21.Nd4 
Na4 22.R3c2 Rxc2 23.Rxc2 Rc8 24.b3 Rxc2 25.Nxc2 Qc7 26.bxa4 Qxc2 27.Qd4 h6
28.f3 1/2-1/2

[Event "USA-ch"]
[Site "Durango CO, USA"]
[Date "1992.??.??"]
[Round "3"]
[White "Dzindzichashvili, Roman"]
[Black "Fedorowicz, John"]
[Result "1/2-1/2"]
[WhiteElo "2565"]
[BlackElo "2560"]
[EventDate "1992.12.??"]
[PlyCount "39"]

1.e4 c5 2.Nf3 d6 3.Nc3 a6 4.g3 e5 5.Bg2 g6 6.O-O Bg7 7.d3 Ne7 8.Nh4 O-O 9.
f4 exf4 10.gxf4 Nec6 11.Nf3 f5 12.Nd5 Ne7 13.c3 Nxd5 14.exd5 h6 15.a4 b6 
16.a5 b5 17.d4 c4 18.b3 cxb3 19.Qxb3 Nd7 20.Ne5 1/2-1/2

[Event "USA-ch"]
[Site "Durango CO, USA"]
[Date "1992.??.??"]
[Round "3"]
[White "Gulko, Boris"]
[Black "Sherzer, Alex"]
[Result "1/2-1/2"]
[WhiteElo "2610"]
[BlackElo "2460"]
[EventDate "1992.12.??"]
[PlyCount "59"]

1.d4 Nf6 2.c4 g6 3.Nc3 Bg7 4.e4 d6 5.h3 O-O 6.Bg5 c5 7.d5 e6 8.Bd3 exd5 9.
cxd5 h6 10.Be3 b5 11.Nxb5 Na6 12.Ne2 Rb8 13.O-O Qd7 14.Nec3 Nb4 15.Be2 Re8
16.a3 a6 17.axb4 cxb4 18.Na4 axb5 19.Nb6 Qd8 20.Nxc8 Qxc8 21.f3 Nh5 22.Qd2
Ng3 23.Rfc1 Qd8 24.Bd3 Qh4 25.Qxb4 Be5 26.Qd2 Nh5 27.Bf2 Qf6 28.Ra2 Nf4 
29.Bf1 Qg5 30.Kh1 1/2-1/2

[Event "USA-ch"]
[Site "Durango CO, USA"]
[Date "1992.??.??"]
[Round "3"]
[White "Ivanov, Alexander"]
[Black "Benjamin, Joel"]
[Result "0-1"]
[WhiteElo "2545"]
[BlackElo "2570"]
[EventDate "1992.12.??"]
[PlyCount "65"]

1.e4 e5 2.Nf3 Nc6 3.Bb5 Nf6 4.Qe2 a6 5.Bxc6 dxc6 6.b3 Bd6 7.Bb2 Qe7 8.d3 
Bg4 9.Nbd2 Nd7 10.h3 Bh5 11.g4 Bg6 12.d4 O-O-O 13.O-O-O Rhe8 14.dxe5 Nxe5 
15.Ne1 f6 16.Ng2 Bb4 17.Nb1 Nf3 18.a3 Bd6 19.Nc3 Bxe4 20.Nxe4 Qxe4 21.Qxe4
Rxe4 22.Rd3 Ng5 23.h4 Ne6 24.g5 fxg5 25.hxg5 Rg4 26.Ne3 Rxg5 27.Rxh7 Rg1+ 
28.Rd1 Rxd1+ 29.Nxd1 Bf4+ 30.Ne3 Bh6 31.Kb1 Ng5 32.Bxg7 Nxh7 33.Bxh6 0-1

[Event "USA-ch"]
[Site "Durango CO, USA"]
[Date "1992.??.??"]
[Round "3"]
[White "Rachels, Stuart"]
[Black "Gurevich, Dmitry"]
[Result "1/2-1/2"]
[WhiteElo "2485"]
[BlackElo "2490"]
[EventDate "1992.12.??"]
[PlyCount "97"]

1.e4 c5 2.Nf3 d6 3.d4 cxd4 4.Nxd4 Nf6 5.Nc3 Nc6 6.Bg5 e6 7.Qd2 Be7 8.O-O-O
O-O 9.Nb3 Qb6 10.f3 Rd8 11.Be3 Qc7 12.Qf2 d5 13.exd5 Nxd5 14.Nxd5 Rxd5 15.
Rxd5 exd5 16.Bb5 Na5 17.Bd3 Nxb3+ 18.axb3 a5 19.Qg3 Bd6 20.Qh4 h6 21.g3 
Be7 22.Qd4 Qc6 23.Qb6 Be6 24.Bb5 Qc8 25.Rd1 d4 26.Qxd4 Bxb3 27.Rd2 a4 28.
Qd7 Bb4 29.Qxc8+ Rxc8 30.Rf2 a3 31.bxa3 Bxa3+ 32.Kb1 Bd5 33.Bd4 Rd8 34.c3 
f5 35.Bd3 Be6 36.Re2 Kf7 37.Re5 g6 38.Rb5 Bd5 39.Rxd5 Rxd5 40.Bc4 Ke6 41.
Bg7 h5 42.Kc2 b5 43.Bb3 g5 44.h3 g4 45.fxg4 fxg4 46.hxg4 hxg4 47.Bd4 Kd6 
48.Bxd5 Kxd5 49.Kd3 1/2-1/2

[Event "USA-ch"]
[Site "Durango CO, USA"]
[Date "1992.??.??"]
[Round "3"]
[White "Seirawan, Yasser"]
[Black "Browne, Walter Shawn"]
[Result "1/2-1/2"]
[WhiteElo "2605"]
[BlackElo "2515"]
[EventDate "1992.12.??"]
[PlyCount "161"]

1.c4 e5 2.Nc3 Nc6 3.Nf3 f5 4.d4 e4 5.Ng5 Nf6 6.e3 g6 7.Nh3 Bg7 8.Nf4 Ne7 
9.h4 O-O 10.b3 d6 11.Be2 c5 12.Bb2 Nc6 13.dxc5 dxc5 14.Qxd8 Rxd8 15.Rd1 
Rxd1+ 16.Kxd1 Bd7 17.Kc1 Rd8 18.Rd1 Bc8 19.Rxd8+ Nxd8 20.f3 exf3 21.Bxf3 
Bd7 22.Nb5 a6 23.Nc7 Ne4 24.Ba3 Bf8 25.Ncd5 Bc6 26.Bb2 Kf7 27.g4 Ng3 28.
Nd3 Bd6 29.g5 Nf1 30.Be5 Bxe5 31.Nxe5+ Ke6 32.Nxc6 Nxc6 33.Kd1 Kd6 34.Ke1 
Ng3 35.Kf2 Ne4+ 36.Bxe4 fxe4 37.Nf6 Ke5 38.Nxh7 Nb4 39.a4 Nd3+ 40.Kg3 Kf5 
41.Nf6 Nc1 42.Ne8 Nxb3 43.Nd6+ Ke5 44.Nxb7 Nd2 45.Nxc5 Nxc4 46.Nxa6 Nxe3 
47.Nb4 Nf5+ 48.Kg4 Ne3+ 49.Kh3 Kd6 50.a5 Kc5 51.a6 Kb6 52.a7 Kb7 53.Na6 
Kxa7 54.Nc5 Nd5 55.Nxe4 Kb6 56.Nf6 Ne7 57.Kg4 Kc6 58.h5 gxh5+ 59.Kxh5 Kd6 
60.Ne4+ Ke6 61.Kh6 Kf5 62.Nd6+ Ke6 63.Ne4 Kf5 64.Nf6 Kf4 65.Kh5 Kf5 66.Ng4
Kf4 67.Nh6 Ke5 68.Ng4+ Kf4 69.Nh2 Kg3 70.Nf1+ Kf4 71.Nd2 Ke3 72.Nb3 Kf4 
73.Nd4 Ke4 74.Nc2 Kf4 75.Ne1 Ke4 76.Ng2 Kf3 77.Nh4+ Kg3 78.Ng6 Nf5 79.Ne5 
Kf4 80.Nd3+ Ke4 81.Ne1 1/2-1/2

[Event "USA-ch"]
[Site "Durango CO, USA"]
[Date "1992.??.??"]
[Round "4"]
[White "Benjamin, Joel"]
[Black "Gulko, Boris"]
[Result "0-1"]
[WhiteElo "2570"]
[BlackElo "2610"]
[EventDate "1992.12.??"]
[PlyCount "92"]

1.e4 e6 2.d4 d5 3.e5 c5 4.c3 Nc6 5.Nf3 Bd7 6.Be2 Nge7 7.Na3 cxd4 8.cxd4 
Nf5 9.Nc2 Qb6 10.O-O a5 11.g4 Nfe7 12.Nh4 Ng6 13.Ng2 Be7 14.f4 O-O 15.Be3 
f5 16.exf6 Rxf6 17.Bd3 Bd6 18.h4 Raf8 19.g5 R6f7 20.Bxg6 hxg6 21.h5 gxh5 
22.Qxh5 g6 23.Qxg6+ Rg7 24.Qd3 Ne7 25.Qb3 Qxb3 26.axb3 b6 27.Bd2 Nf5 28.
Rf3 Rh7 29.Raf1 Bb5 30.Re1 Kf7 31.Kf2 Rh2 32.Bc3 Nh4 33.Rg3 Bxf4 34.Rg4 
Ke7 35.Rxh4 Bxg5+ 36.Kg3 Rxg2+ 37.Kxg2 Bxh4 38.Rh1 Rf4 39.Ne1 Be2 40.Bd2 
Rg4+ 41.Kh3 Rxd4 42.Be3 Re4 43.Ng2 Bf6 44.Bxb6 Bg4+ 45.Kh2 Re2 46.Kg3 Bf5 
0-1

[Event "USA-ch"]
[Site "Durango CO, USA"]
[Date "1992.??.??"]
[Round "4"]
[White "Browne, Walter Shawn"]
[Black "Ivanov, Alexander"]
[Result "1/2-1/2"]
[WhiteElo "2515"]
[BlackElo "2545"]
[EventDate "1992.12.??"]
[PlyCount "41"]

1.d4 Nf6 2.c4 e6 3.Nf3 b6 4.g3 Ba6 5.Nbd2 Bb7 6.Bg2 c5 7.e4 cxd4 8.e5 Ne4 
9.O-O Nxd2 10.Bxd2 Bxf3 11.Qxf3 Nc6 12.Qxc6 dxc6 13.Bxc6+ Qd7 14.Bxd7+ 
Kxd7 15.Rfd1 Kc6 16.Be1 Rd8 17.Rd3 f6 18.f4 fxe5 19.fxe5 a5 20.Bf2 Bc5 21.
a4 1/2-1/2

[Event "USA-ch"]
[Site "Durango CO, USA"]
[Date "1992.??.??"]
[Round "4"]
[White "Fedorowicz, John"]
[Black "Ivanov, Igor"]
[Result "1-0"]
[WhiteElo "2560"]
[BlackElo "2510"]
[EventDate "1992.12.??"]
[PlyCount "109"]

1.e4 c5 2.Nf3 e6 3.d4 cxd4 4.Nxd4 Nc6 5.Nc3 d6 6.Be2 Nf6 7.O-O Be7 8.Be3 
Bd7 9.Ndb5 Qb8 10.Bf4 Ne5 11.Bg5 a6 12.Bxf6 gxf6 13.Nd4 Qa7 14.Kh1 Rc8 15.
Qd2 Qb6 16.Nb3 h5 17.a4 h4 18.h3 Nc4 19.Bxc4 Rxc4 20.Qd3 Rb4 21.f4 Rg8 22.
f5 Bc6 23.a5 Qc7 24.Nd4 Bd7 25.b3 Rg3 26.Nf3 Bc6 27.Rfe1 Kf8 28.Qd2 exf5 
29.Nd5 Bxd5 30.exd5 Re4 31.c4 Qc5 32.Re2 Rxe2 33.Qxe2 f4 34.Re1 Qe3 35.Qc2
Rxf3 36.Rxe3 Rxe3 37.Qh7 Ke8 38.Qh8+ Bf8 39.Qxh4 f5 40.Qxf4 Re1+ 41.Kh2 
Bg7 42.Qxf5 Be5+ 43.g3 Re3 44.Qc8+ Ke7 45.Qxb7+ Kf6 46.Kg2 Rxg3+ 47.Kf2 
Rxh3 48.c5 dxc5 49.Qxa6+ Kg5 50.d6 Rh6 51.Qb7 Rxd6 52.a6 Rd2+ 53.Kf1 Kf4 
54.a7 Ke3 55.a8=Q 1-0

[Event "USA-ch"]
[Site "Durango CO, USA"]
[Date "1992.??.??"]
[Round "4"]
[White "Gurevich, Dmitry"]
[Black "Gurevich, Ilya"]
[Result "1-0"]
[WhiteElo "2490"]
[BlackElo "2510"]
[EventDate "1992.12.??"]
[PlyCount "187"]

1.Nf3 Nf6 2.c4 g6 3.Nc3 d5 4.cxd5 Nxd5 5.Qa4+ Bd7 6.Qh4 Nxc3 7.Qd4 f6 8.
Qxc3 Bg7 9.e3 e5 10.b4 e4 11.Nd4 f5 12.Rb1 Qc8 13.Qb3 a5 14.bxa5 Nc6 15.
Nxc6 Bxc6 16.a6 bxa6 17.Bc4 Qd7 18.O-O Ba4 19.Qb4 Bc2 20.Qb7 Rd8 21.Qxa6 
Bd3 22.Ba3 Bxc4 23.Qxc4 Qf7 24.Qc2 Be5 25.Rfc1 Qe6 26.Rb5 Bd6 27.Qc6+ Kf7 
28.Bxd6 Rxd6 29.Qxc7+ Rd7 30.Qa5 Rhd8 31.Rb2 Qf6 32.Rbc2 f4 33.Qb4 Qe5 34.
Rc5 Qe6 35.Rc6 Qxa2 36.Qxe4 fxe3 37.fxe3 Rxd2 38.Rf1+ Kg8 39.h3 Qd5 40.
Qxd5+ R8xd5 41.Rc7 Rd7 42.Rxd7 Rxd7 43.Rf3 Rd2 44.Kf1 Kg7 45.Rf2 Rd3 46.
Ke2 Ra3 47.Rf4 h5 48.Kf3 Ra2 49.Rb4 Kf6 50.h4 Ke6 51.Rb6+ Kf7 52.e4 Ra3+ 
53.Kf4 Ra5 54.g3 Kg7 55.Rd6 Kf7 56.Rd5 Ra3 57.Rd4 Kf6 58.Rd1 Ke6 59.Rf1 
Kf6 60.Rf3 Ra4 61.Rc3 Ra5 62.Rc6+ Kf7 63.Rd6 Rb5 64.Ra6 Rc5 65.e5 Rc3 66.
Ra4 Rb3 67.g4 hxg4 68.Kxg4 Re3 69.Kf4 Re1 70.Re4 Rf1+ 71.Kg4 Ke6 72.Kg5 
Rg1+ 73.Rg4 Ra1 74.Kxg6 Kxe5 75.h5 Ra6+ 76.Kg5 Ra8 77.h6 Ke6 78.h7 Kf7 79.
Ra4 Rxa4 80.h8=Q Ra5+ 81.Kf4 Rd5 82.Ke4 Rg5 83.Qh7+ Kf6 84.Qh6+ Rg6 85.
Qf8+ Kg5 86.Qf4+ Kh5 87.Qh2+ Kg4 88.Qg2+ Kh5 89.Qh3+ Kg5 90.Ke5 Ra6 91.
Qe3+ Kh4 92.Qe1+ Kg5 93.Qd2+ Kh4 94.Kf5 1-0

[Event "USA-ch"]
[Site "Durango CO, USA"]
[Date "1992.??.??"]
[Round "4"]
[White "Sherzer, Alex"]
[Black "Shirazi, Kamran"]
[Result "1-0"]
[WhiteElo "2460"]
[BlackElo "2450"]
[EventDate "1992.12.??"]
[PlyCount "76"]

1.e4 c5 2.Nf3 Nc6 3.d4 cxd4 4.Nxd4 Nf6 5.Nc3 d6 6.Be3 e5 7.Nf3 Be6 8.Ng5 
d5 9.exd5 Bxd5 10.Nxd5 Nxd5 11.Qf3 Nf4 12.Bxf4 exf4 13.Qxf4 Qa5+ 14.c3 
O-O-O 15.Be2 Bd6 16.Qg4+ f5 17.Qc4 Rhe8 18.Ne6 Rd7 19.O-O-O Kb8 20.Nd4 
Bf4+ 21.Kb1 Nxd4 22.Rxd4 Rxd4 23.Qxd4 Rxe2 24.Qxf4+ Qe5 25.Qxe5+ Rxe5 26.
f4 Re2 27.g3 Kc7 28.a4 g6 29.Ka2 Kc6 30.Ka3 Kc5 31.a5 Rc2 32.Kb3 Rd2 33.
Ka3 Rc2 34.Kb3 Rf2 35.c4 h5 36.Re1 Kd6 37.Re8 Rxh2 38.Rg8 h4 1-0

[Event "USA-ch"]
[Site "Durango CO, USA"]
[Date "1992.??.??"]
[Round "4"]
[White "Wolff, Patrick"]
[Black "Dzindzichashvili, Roman"]
[Result "1/2-1/2"]
[WhiteElo "2590"]
[BlackElo "2565"]
[EventDate "1992.12.??"]
[PlyCount "49"]

1.e4 d5 2.exd5 Nf6 3.d4 Nxd5 4.Nf3 g6 5.c3 Bg7 6.Bc4 O-O 7.O-O Bg4 8.Nbd2 
c6 9.Re1 Nd7 10.h3 Bxf3 11.Nxf3 e6 12.Bg5 Qc7 13.Qd2 Rfe8 14.Bb3 b5 15.Bh6
a5 16.a3 N7f6 17.Ne5 Nd7 18.Nf3 N7f6 19.Ne5 Nd7 20.Ng4 N7f6 21.Bxg7 Nxg4 
22.Be5 Nxe5 23.Rxe5 Kg7 24.Rae1 Qd6 25.Bd1 1/2-1/2

[Event "USA-ch"]
[Site "Durango CO, USA"]
[Date "1992.??.??"]
[Round "4"]
[White "Yermolinsky, Alexander"]
[Black "Seirawan, Yasser"]
[Result "1/2-1/2"]
[WhiteElo "2615"]
[BlackElo "2605"]
[EventDate "1992.12.??"]
[PlyCount "48"]

1.e4 c6 2.d4 d5 3.e5 Bf5 4.Nf3 e6 5.Be2 c5 6.O-O Nc6 7.c3 cxd4 8.cxd4 Nge7
9.a3 Be4 10.Nbd2 Nf5 11.b4 a5 12.bxa5 Qxa5 13.g4 Nfxd4 14.Nxd4 Nxd4 15.
Nxe4 Nxe2+ 16.Qxe2 dxe4 17.Qxe4 Bc5 18.Qxb7 O-O 19.Qe4 Qc3 20.Ra2 Qb3 21.
Rb2 Qa4 22.Re2 Bxa3 23.Qxa4 Rxa4 24.Bxa3 Rxa3 1/2-1/2

[Event "USA-ch"]
[Site "Durango CO, USA"]
[Date "1992.??.??"]
[Round "5"]
[White "Dzindzichashvili, Roman"]
[Black "Shirazi, Kamran"]
[Result "1-0"]
[WhiteElo "2565"]
[BlackElo "2450"]
[EventDate "1992.12.??"]
[PlyCount "69"]

1.g3 e5 2.c4 h5 3.Nc3 h4 4.g4 h3 5.Bxh3 Qh4 6.d4 d6 7.Nd5 Na6 8.b4 Qd8 9.
a3 Ne7 10.Bg5 f6 11.Be3 Be6 12.Nxe7 Bxe7 13.Bg2 Qc8 14.h3 Bxc4 15.Rc1 Bf7 
16.Nf3 c6 17.b5 Nb8 18.bxc6 bxc6 19.dxe5 dxe5 20.O-O Qa6 21.Rc3 Bd5 22.Qc2
Nd7 23.Qg6+ Kf8 24.Ng5 e4 25.Qf5 Ne5 26.Bd4 g6 27.Qf4 Kg7 28.Nxe4 Rae8 29.
Bxe5 fxe5 30.Qxe5+ Kh6 31.Ng3 Rhf8 32.Bxd5 cxd5 33.Qxd5 Bf6 34.Rc6 Re5 35.
Qd2+ 1-0

[Event "USA-ch"]
[Site "Durango CO, USA"]
[Date "1992.??.??"]
[Round "5"]
[White "Gulko, Boris"]
[Black "Browne, Walter Shawn"]
[Result "1-0"]
[WhiteElo "2610"]
[BlackElo "2515"]
[EventDate "1992.12.??"]
[PlyCount "120"]

1.d4 Nf6 2.Bg5 Ne4 3.Bf4 c5 4.f3 Qa5+ 5.c3 Nf6 6.d5 e6 7.e4 exd5 8.exd5 d6
9.Ne2 Nbd7 10.Nd2 Nb6 11.b4 cxb4 12.c4 Be7 13.Nd4 Bd7 14.N2b3 Qa4 15.Bd3 
Rc8 16.O-O O-O 17.Rc1 Nh5 18.Bd2 Bf6 19.g4 Bxd4+ 20.Nxd4 Nf6 21.Qxa4 Nxa4 
22.Bxb4 Nc5 23.Be2 Rc7 24.Nb3 h5 25.h3 hxg4 26.hxg4 Ba4 27.Nxc5 dxc5 28.
Bc3 Ne8 29.Kf2 Re7 30.Bd3 Nd6 31.Rb1 f5 32.gxf5 Nxf5 33.Rfe1 Rxe1 34.Rxe1 
b6 35.Rc1 Rf7 36.Be5 Nh4 37.Be4 Bd7 38.Ke2 Nf5 39.Kd3 Kf8 40.Rh1 Kg8 41.
Rg1 Kf8 42.d6 Be6 43.Rg6 Bc8 44.Bd5 Nh4 45.Rg3 Bf5+ 46.Ke3 Rd7 47.Kf4 g6 
48.Bf6 Rh7 49.Rg1 Rh5 50.Kg3 Bd7 51.Bxh4 g5 52.Kf2 Rxh4 53.Rxg5 Rh8 54.Ke3
Ke8 55.Ke4 b5 56.cxb5 Bxb5 57.Ke5 c4 58.Rg7 a6 59.f4 c3 60.Rc7 Rh5+ 1-0

[Event "USA-ch"]
[Site "Durango CO, USA"]
[Date "1992.??.??"]
[Round "5"]
[White "Ivanov, Alexander"]
[Black "Yermolinsky, Alexander"]
[Result "1-0"]
[WhiteElo "2545"]
[BlackElo "2615"]
[EventDate "1992.12.??"]
[PlyCount "73"]

1.e4 c5 2.Nf3 d6 3.d4 cxd4 4.Nxd4 Nf6 5.Nc3 Nc6 6.Bg5 e6 7.Qd2 a6 8.O-O-O 
h6 9.Be3 Be7 10.f3 Qc7 11.g4 b5 12.Nxc6 Qxc6 13.h4 Bb7 14.Qg2 Rc8 15.a3 
Nd7 16.g5 Ne5 17.gxh6 gxh6 18.Qg7 Rf8 19.Bxh6 Qb6 20.Be2 Rxc3 21.bxc3 Qc5 
22.Kb2 Kd7 23.Qg1 Qxg1 24.Rdxg1 Rh8 25.Bg5 Ng6 26.c4 bxc4 27.Bxc4 f6 28.
Be3 Rxh4 29.Rxh4 Nxh4 30.Be2 d5 31.Bf2 dxe4 32.Bxh4 exf3 33.Bc4 Bc5 34.
Rg7+ Kc6 35.Bxf6 f2 36.Rf7 Kb6 37.Bh4 1-0

[Event "USA-ch"]
[Site "Durango CO, USA"]
[Date "1992.??.??"]
[Round "5"]
[White "Ivanov, Igor"]
[Black "Wolff, Patrick"]
[Result "0-1"]
[WhiteElo "2510"]
[BlackElo "2590"]
[EventDate "1992.12.??"]
[PlyCount "60"]

1.d4 d5 2.Nf3 c6 3.c4 e6 4.Nbd2 Nf6 5.g3 Nbd7 6.Bg2 Be7 7.O-O O-O 8.Qc2 b6
9.e4 Bb7 10.e5 Ne8 11.a3 a5 12.Rb1 Nc7 13.b4 axb4 14.axb4 Ba6 15.Re1 dxc4 
16.Nxc4 Nd5 17.Bd2 Bb5 18.h4 Ra4 19.Ng5 g6 20.Ne3 Nxb4 21.Bxb4 Bxb4 22.
Bxc6 Bxe1 23.Bxb5 Rxd4 24.Bxd7 Rd2 25.Rxe1 Rxc2 26.Nxc2 Qxd7 27.Ne4 Kg7 
28.Nd6 Ra8 29.Ne3 Qc6 30.Rb1 Ra2 0-1

[Event "USA-ch"]
[Site "Durango CO, USA"]
[Date "1992.??.??"]
[Round "5"]
[White "Rachels, Stuart"]
[Black "Fedorowicz, John"]
[Result "1/2-1/2"]
[WhiteElo "2485"]
[BlackElo "2560"]
[EventDate "1992.12.??"]
[PlyCount "76"]

1.e4 c5 2.Nf3 d6 3.d4 cxd4 4.Nxd4 Nf6 5.Nc3 a6 6.a4 e6 7.Be2 Be7 8.O-O O-O
9.f4 Qc7 10.Kh1 Rd8 11.f5 e5 12.Nb3 h6 13.Be3 Nbd7 14.Nd2 b6 15.Bc4 Bb7 
16.Qe2 Nc5 17.Bf2 d5 18.exd5 Nxd5 19.Bxd5 Bxd5 20.b4 Nd3 21.Bxb6 Qxc3 22.
cxd3 Rdc8 23.Ne4 Bxe4 24.Qxe4 Qxb4 25.Qxb4 Bxb4 26.Rab1 a5 27.Rfc1 Rcb8 
28.Bc7 Re8 29.Kg1 Ra6 30.Rc4 g6 31.Rf1 Kg7 32.fxg6 Rxg6 33.Rf5 Rg5 34.
Rxg5+ hxg5 35.g4 f6 36.Kg2 Kf7 37.Bb6 Re6 38.Bc7 Re8 1/2-1/2

[Event "USA-ch"]
[Site "Durango CO, USA"]
[Date "1992.??.??"]
[Round "6"]
[White "Gurevich, Dmitry"]
[Black "Ivanov, Alexander"]
[Result "1-0"]
[WhiteElo "2490"]
[BlackElo "2545"]
[EventDate "1992.12.??"]
[PlyCount "163"]

1.d4 Nf6 2.c4 e6 3.g3 Bb4+ 4.Bd2 Be7 5.Bg2 d5 6.Nf3 O-O 7.O-O c6 8.Qc2 
Nbd7 9.Bf4 b6 10.Nbd2 Bb7 11.e4 c5 12.Rad1 dxc4 13.dxc5 Nxc5 14.e5 Nd5 15.
Nxc4 Rc8 16.Rd4 b5 17.Nd6 Bxd6 18.exd6 f6 19.Qd2 Nb6 20.d7 Ncxd7 21.Bh3 
Re8 22.Qd3 Qe7 23.Re1 Qf7 24.Rd6 Nc5 25.Qe2 Nc4 26.Rdd1 Nxb2 27.Qxb2 Bxf3 
28.Rd6 Qh5 29.Bf1 a6 30.Qa3 Bb7 31.h3 e5 32.g4 Qf7 33.Be3 Ne4 34.Rb6 Nc3 
35.Qb3 Bd5 36.Qa3 Nxa2 37.Qxa6 b4 38.Rd6 Nc3 39.Bd2 Bb7 40.Qa7 Bd5 41.Rd7 
Qf8 42.Bxc3 Be6 43.Bxb4 Qxb4 44.Rxg7+ Kf8 45.Rxh7 Re7 46.Rxe7 Qxe7 47.Qe3 
Rc5 48.Ra1 Kg7 49.Ra6 Bc8 50.Ra8 Be6 51.Qa3 Rc7 52.Qa6 Bd5 53.Rb8 Rb7 54.
Rc8 Rc7 55.Bd3 Bb7 56.Rxc7 Qxc7 57.Qa3 Qd7 58.Kh2 Qd5 59.f3 Qd7 60.Qa7 Qd5
61.Be4 Qd2+ 62.Kg3 Qf4+ 63.Kg2 Qd2+ 64.Qf2 Qb4 65.Bxb7 Qxb7 66.Qc2 Qa7 67.
h4 Qe3 68.Qf2 Qc1 69.Qa7+ Kg8 70.Qd7 Qc2+ 71.Kg3 Qc1 72.Qe8+ Kg7 73.Qe7+ 
Kg8 74.g5 Qe1+ 75.Kg4 fxg5 76.hxg5 Qe3 77.Qe6+ Kg7 78.Qf6+ Kg8 79.Kh5 Qe2 
80.Qe6+ Kg7 81.Qe7+ Kg8 82.Kh6 1-0

[Event "USA-ch"]
[Site "Durango CO, USA"]
[Date "1992.??.??"]
[Round "6"]
[White "Sherzer, Alex"]
[Black "Dzindzichashvili, Roman"]
[Result "1/2-1/2"]
[WhiteElo "2460"]
[BlackElo "2565"]
[EventDate "1992.12.??"]
[PlyCount "54"]

1.e4 e5 2.Nf3 Nc6 3.Bb5 d6 4.O-O Bd7 5.d4 exd4 6.Nxd4 g6 7.Nc3 Bg7 8.Bxc6 
bxc6 9.Be3 Nf6 10.Qd2 O-O 11.Bh6 Re8 12.Bxg7 Kxg7 13.f3 Qb8 14.b3 Qb4 15.
Rae1 Re7 16.Nde2 Rae8 17.Kh1 d5 18.Nf4 dxe4 19.fxe4 Qd6 20.Qf2 Qe5 21.Qg3 
h6 22.Rf3 Qg5 23.Qf2 Nxe4 24.Nxe4 Rxe4 25.Ne6+ R4xe6 26.Rxf7+ Kg8 27.Rf1 
R6e7 1/2-1/2